000 00596nam a22002057a 4500
003 OSt
005 20140310182909.0
008 130128t xxu||||| |||| 00| 0 eng d
020 _a9715504485
050 _aHG 4027.65
_b.H644 2003
082 _aFIL 658.15
_b.H641 2003
245 _aThe real world of NGOs
_cHilhorst, Dorothea
_bdiscourses, diversity and development
260 _aQuezon City
_bAteneo De Manila University Press
_c2003
300 _a257 p.
_c23 cm.
_bill.
521 _acollege students
526 _c1210L-1700L
541 _j1
562 _e1
942 _2lcc
_cBK
_kFIL
999 _c17203
_d17203